Health Promotion Programs for the Prevention of Child's Obesity/Teacher's Perspectives (Record no. 8445)
[ view plain ]
| 000 -LEADER | |
|---|---|
| fixed length control field | 01182cam a22001934a 4500 |
| 005 - ΗΜΕΡΟΜΗΝΙΑ ΚΑΙ ΩΡΑ ΤΕΛΕΥΤΑΙΑΣ ΕΝΗΜΕΡΩΣΗΣ | |
| Πεδίο ελέγχου | 20250605164336.0 |
| 008 - FIXED-LENGTH DATA ELEMENTS--GENERAL INFORMATION | |
| Πεδίο ελέγχου σταθερού μήκους | 250528s ||||||||||||||||||||||||d |
| 035 ## - SYSTEM CONTROL NUMBER | |
| System control number | 23435 |
| 040 ## - ΠΗΓΗ ΚΑΤΑΛΟΓΟΓΡΑΦΗΣΗΣ | |
| Φορέας πρωτότυπης καταλογογράφησης | MC Athens Campus Library |
| Γλώσσα καταλογογράφησης | Ελληνικά, Μοντέρνα (1453-) |
| Modifying agency | MC Athens Campus Library |
| Κανόνες περιγραφικής καταλογογράφησης | AACR2 |
| 245 1# - ΤΙΤΛΟΣ ΚΑΙ ΔΗΛΩΣΗ ΥΠΕΥΘΥΝΟΤΗΤΑΣ | |
| Τίτλος | Health Promotion Programs for the Prevention of Child's Obesity/Teacher's Perspectives |
| 260 ## - PUBLICATION, DISTRIBUTION, ETC. | |
| Date of publication, distribution, etc. | 2018 |
| 300 ## - PHYSICAL DESCRIPTION | |
| Extent | 77 |
| 520 ## - SUMMARY, ETC. | |
| Summary, etc. | Outlines of the Research, Review of Literature, Definition of Child Obesity, Factors that Affect Child Obesity, Threats for Children's Health, Prevention of Child Obesity, The Role of the Preschool Educator, The Aim of the Present Study, Methodology, Approaches of Research, Research Instrument, Participants, Ethical Considerations, Data Collection and Analysis, Statement of Results, Impacts of Child Obesity, Causes of Child Obesity, The Role of the Preschool Educators, Analysis and Discussion, Impacts of Cild Obesity, Causes of Child Obesity, The Role of the Preschool Educator, Summary and Conclusion, Critical Reflection on Findings, References, Appendices. |
| 700 1# - ΠΡΟΣΘΕΤΗ ΑΝΑΓΡΑΦΗ--ΦΥΣΙΚΟ ΠΡΟΣΩΠΟ | |
| Personal name | Koutsoupidou Theano |
| 9 (RLIN) | 8997 |
| 700 1# - ΠΡΟΣΘΕΤΗ ΑΝΑΓΡΑΦΗ--ΦΥΣΙΚΟ ΠΡΟΣΩΠΟ | |
| Personal name | Tsourouktzi Despina |
| 9 (RLIN) | 8999 |
| 942 ## - ADDED ENTRY ELEMENTS (KOHA) | |
| Koha item type | Διπλωματική εργασία |
| Τύπος τεκμηρίου | Βιβλιοθήκη | Τρέχουσα τοποθεσία | Barcode | Ημερομηνία απόκτησης | Ταξιθετικό σύμβολο | Αριθμός αντιτύπου | Κατάσταση απόσυρσης | Κατάσταση χαμένου | Κατάσταση κατεστραμμένου | Μη δανεισμός | Σύνολο δανεισμών | Ημερομηνία τελευταίας εμφάνισης | Η τιμή ισχύει από |
|---|---|---|---|---|---|---|---|---|---|---|---|---|---|
| Διπλωματική εργασία | MC Athens Campus Library | MC Athens Campus Library | 9780000084446 | 05/06/2025 | EDU 2018 (15) | 1 | 05/06/2025 | 05/06/2025 |